| 000 | 00469cam a2200193ua 4500 | ||
|---|---|---|---|
| 001 | 3612 | ||
| 008 | 131204n2006 II |||gr||||Z||||||eng | ||
| 040 | _aMAIN | ||
| 041 | _aEnglish | ||
| 082 | _a320.111 GAB | ||
| 100 | _aGABRIEL, A.ALMOND. | ||
| 245 | _aCOMPARATIVE POLITICS THEORY-A WORLD VIEW | ||
| 260 |
_aDELHI _bPEARSON EDUCATION _c2006 |
||
| 300 |
_a808: _c22CM. |
||
| 653 | _aPOLITICAL THEORIES | ||
| 700 | _aBINGHAM,G. | ||
| 700 | _aPOWELL,JR. | ||
| 942 | _cBK | ||
| 999 |
_c3600 _d3600 |
||